1968 1204 1746 1190 1121 1975 1795 1481 1965 1348 1266 1933 1722 1318 1804 1275 1240 1249 1659 1446 1695 1386 1728 1082 1165 1204 1156 1696 1831 1563 1229 1406 1317 1456 1094 1758 1323 1279 1011 1743 1793 1610 1084 1828 1319 1550 1228 1018 1611 1523 1377 1495 1425 1752 1135 1614 1442 1879 1529 1441 1095 1396 1947 1869 1889 1262 1672 1967 1531 1533 1213 1596 1370 1182 1179 1747 1614 1598 1557 1117 1859 1711 1136 1627 1397 1334 1306 1265 1403 1575 1070 1857 1464 1245 1922 1466 1743 1309 1855 BCNSPRNW ULIB Ver.6.0+V

เปลี่ยนเป็นภาษาไทย

Change to English
 แสดงรายละเอียดบรรณานุกรม
  กลับหน้าหลัก

Brief Record : Get Marc (ISO 2709) : E-mail record : QR code < ปิดหน้าต่าง
LEADER : 00000nam 2200000uu 4500
001    13399124771
003     ULIB
008    020711s2014 th a 000 0 eng d
020    9781451195293
060    WY100^bN34L
100    Janet Weber
245    Lab Manual for health assessment in Nursing./^cJanet Weber,Jane Kelley,Ann D. Sprengel
250    5thth ed
260    Philadelphia :^bWolters Kluwer Health/Lippincott Williams & Wilkins,^c2014
300    298 pages;^b27.5 cm
650     laboratory^xassessment
650    assessment^xNursing
700    Jane Kelley
700    Ann D. Sprengel
945    ^p0^l0^i23282
รายการนี้ยังไม่มีแท็ก
คุณยังไม่ได้ล็อกอิน คุณสามารถมีกิจกรรมร่วมกับเว็บไซต์ได้ แต่ต้องล็อกอินก่อน ::
  ล็อกอิน

รายการสื่อสารสนเทศ

ลำดับที่ ประเภท เลขเรียก/บาร์โค้ด สถานที่ สถานะ
1. Book การพยาบาล
Book การพยาบาล
WY100 N34L ฉ.1 
  Barcode: 23282
ห้องสมุดวิทยาเขตนครสวรรค์
►หนังสือทั่วไป:l:General Books
บนชั้น

รายการใกล้เคียง
    ผู้แต่ง [Janet Weber]

BibComment


ยังไม่เคยถูกคอมเมนท์

คอมเมนท์ทรัพยากรรายการนี้
  คอมเมนท์: Lab Manual for he..


 Copyright 2026. Bcnsprnw @Library